000 00737nam a2200217 i 4500
001 35495
003 ES-MaACL
005 20250713091411.0
007 t|
008 030213s1933 fr ||||1| fre d
100 1 _aBonaparte, Marie.
_930073
245 1 0 _aEdgar Poe
_b: étude psychanalytique /
_cMarie Bonaparte ; avant-propos de Sigmund Freud.
260 _aParis :
_bDenoël et Steele,
_c1933 (
_eLiège :
_fG. Thone)
300 _a2 v. :
_bil. ;
_c25 cm.
490 1 _aBibliothéque psychanalytique
600 1 4 _aPoe, Edgar Allan,
_d1809-1849
_9188384
700 1 _aFreud, Sigmund,
_d1856-1939
_952547
830 0 _aBibliothéque psychanalytique
_9229540
852 _aES-MaACL
_jA-1635-36
999 _c35495
_d35495